| 000 -LEADER |
| fixed length control field |
01444nam a2200229Ia 4500 |
| 003 - CONTROL NUMBER IDENTIFIER |
| control field |
OSt |
| 005 - DATE AND TIME OF LATEST TRANSACTION |
| control field |
20241029135811.0 |
| 007 - PHYSICAL DESCRIPTION FIXED FIELD--GENERAL INFORMATION |
| fixed length control field |
ca aa aaaaa |
| 008 - FIXED-LENGTH DATA ELEMENTS--GENERAL INFORMATION |
| fixed length control field |
201103s9999 xx 000 0 und d |
| 040 ## - CATALOGING SOURCE |
| Transcribing agency |
SSBUL |
| 041 ## - LANGUAGE CODE |
| Language code of text/sound track or separate title |
bur |
| 082 ## - DEWEY DECIMAL CLASSIFICATION NUMBER |
| Edition number |
23 |
| Classification number |
၂၉၄.၃၄၄၃ မင်း |
| Item number |
၉၂၆၄ S-SAT |
| 100 0# - MAIN ENTRY--PERSONAL NAME |
| Personal name |
မင်းကွန်းဆရာတော်ကြီး။ |
| 9 (RLIN) |
55103 |
| 245 10 - TITLE STATEMENT |
| Title |
သြကာသကန်တော့ခန်းနှင့်သီလယူရှင်းတမ်းတရားတော်= Obeisane and Taking the Precepts / |
| Statement of responsibility, etc. |
ဦးဝိစိတ္တသာရာဘိဝံသ(မင်းကွန်းဆရာတော်)၊ ဘာသာပြန်သူ ဦးဝင်းဖေ။ |
| 260 ## - PUBLICATION, DISTRIBUTION, ETC. |
| Place of publication, distribution, etc. |
ရန်ကုန် ၊ |
| Name of publisher, distributor, etc. |
တိပိဋက= နိကာယစာအုပ်စာပေ၊ အနုပညာနှင့်မော်ကွန်းအဖွဲ့၊ |
| Date of publication, distribution, etc. |
[ခုနှစ်မပါ]။ |
| 300 ## - PHYSICAL DESCRIPTION |
| Extent |
[၁၄၈] စာမျက်နှာ ၊ |
| Dimensions |
၁၈ စင်တီ။ |
| 500 ## - GENERAL NOTE |
| General note |
အင်္ဂလိပ်- မြန်မာနှစ်ဘာသာဖြင့်ရေးသားထားသည် |
|
| General note |
S-SAT: Dr. Sai Aung Tun <br/>S-KZN: Prof. Kyaw Zaw Naing |
| 650 ## - SUBJECT ADDED ENTRY--TOPICAL TERM |
| Topical term or geographic name entry element |
ဗုဒ္ဓဘာသာ |
| General subdivision |
တရားတော် |
| 9 (RLIN) |
13507 |
| 700 ## - ADDED ENTRY--PERSONAL NAME |
| Personal name |
ဝင်းဖေ၊ ဦး။ |
| Relator term |
ဘာသာပြန်သူ |
| 9 (RLIN) |
11757 |
| 942 ## - ADDED ENTRY ELEMENTS (KOHA) |
| Source of classification or shelving scheme |
|
| Koha item type |
Book (Short term) |